00979aam a2200289 450000100060000000300100000600500170001600800410003302000180007404000470009204100080013908200250014710000240017224500900019626400500028626400110033630000310034733600220037833700190040033800210041949000310044050100340047150400320050550501140053756300150065165300230066620142CO-MdFUSB20170309102247.0170309t1975 enkha||| |||| 00| 0 eng d a0-435-82183-0 aCO-MdFUSBbspacCO-MdFUSBdCO-MdFUSBCerda aeng 224aG 940.17 bC678e1 aCohn, Normaneautor10aEurope's inner demons b: An enquiry inspired by the great witch-hunt c/ Norman Cohn 1aLondon : bSussex University Press, c℗1975 4c©1975 axvi, 302 páginasb: c;  2rdacontenta1ba1 2rdamediaa2b5 2rdacarriera2b54 aThe Columbus Centre Series aIncluye índice (p. 293-302) aBibliografía (p.264- 292)00aDemonios interiores de Europa: Una investigación inspirada en la gran caza de brujas en la época medieval aPasta dura aHistoria de Europa